Największe miasta w województwie śląskim bez powiatu - Statystyki

Ogólne statystyki
  • Ten quiz został rozwiązany 6 razy
  • Średni wynik to 9 z 10
Statystyki odpowiedzi
liczba ludności miasto % Poprawnych
34 783 Czechowice-Dziedzice
100%
30 492 Czeladź
100%
26 522 Czerwionka-Leszczyny
100%
19 940 Łaziska Górne
100%
16 829 Radlin
100%
16 193 Radzionków
100%
35 899 Knurów
83%
20 168 Rydułtowy
83%
16 717 Pyskowice
67%
21 986 Orzesze
50%
Nie znaleziono quizów pasujących do podanych kryteriów
Rozkład punktacji
Procent ludzi z każdym wynikiem
Percentyl według liczby udzielonych odpowiedzi
Twoja historia wyników
Nie rozwiązałeś tego quizu